[Event "23rd European Women Club Cup 2018"]
[Site "Halkidiki"]
[Date "2018.10.18"]
[Round "7"]
[White "Neuhauser, Salome"]
[Black "Mihevc-Mohr, Narcisa"]
[Result "0-1"]
[WhiteElo "2115"]
[BlackElo "1983"]
[Annotator "NA"]
[PlyCount "132"]
[EventDate "2018.10.12"]
[EventType "team-tourn"]
[EventCountry "GRE"]
[SourceTitle "playchess.com"]
[Source "ChessBase"]
[SourceQuality "1"]
[WhiteTeam "Mulhouse"]
[BlackTeam "Maribor"]
[TimeControl "40/5400+30:1800+30"]

1. e4 {[%emt 0:00:00]} c5 {[%emt 0:00:00]} 2. Nf3 {[%emt 0:00:00]} Nc6 {[%emt 0:00:00]} 3. Nc3 {[%emt 0:00:00]} Nf6 {[%emt 0:00:22]} 4. Bb5 {[%emt 0:01:12]} Nd4 {[%emt 0:11:59]} 5. e5 {[%emt 0:22:09]} Nxb5 {[%emt 0:06:26]} 6. Nxb5 {[%emt 0:04:49]} Nd5 {[%emt 0:07:02]} 7. c4 {[%emt 0:05:31]} Nb4 {[%emt 0:08:34]} 8. d4 {[%emt 0:08:51]} a6 {[%emt 0:01:21]} 9. Nc3 {[%emt 0:00:25]} cxd4 {[%emt 0:02:47]} 10. Nxd4 {[%emt 0:00:33]} Qc7 {[%emt 0:00:47]} 11. Qe2 {[%emt 0:01:02]} Qxe5 {[%emt 0:04:25]} 12. Be3 {[%emt 0:04:05]} e6 {[%emt 0:09:27]} 13. a3 {[%emt 0:19:44]} Nc6 {[%emt 0:00:51]} 14. Nf3 {[%emt 0:00:11]} Qh5 {[%emt 0:08:32]} 15. g4 {[%emt 0:16:28]} Qa5 {[%emt 0:03:44]} 16. O-O {[%emt 0:05:11]} Be7 {[%emt 0:02:30]} 17. b4 {[%emt 0:00:03]} Qc7 {[%emt 0:00:30]} 18. b5 {[%emt 0:02:19]} Ne5 {[%emt 0:01:45]} 19. Nxe5 {[%emt 0:02:44]} Qxe5 {[%emt 0:00:17]} 20. Na4 {[%emt 0:00:34]} O-O {[%emt 0:04:33]} 21. Nb6 {[%emt 0:00:49]} Rb8 {[%emt 0:00:47]} 22. Qd2 {[%emt 0:01:36]} Qc7 {[%emt 0:04:47]} 23. Rfc1 {[%emt 0:01:49]} Bd6 {[%emt 0:02:57]} 24. c5 {[%emt 0:00:33]} Bxh2+ {[%emt 0:00:43]} 25. Kg2 {[%emt 0:00:08]} Be5 {[%emt 0:00:40]} 26. Rab1 {[%emt 0:00:20]} axb5 {[%emt 0:01:24]} 27. f4 {[%emt 0:00:40]} Qc6+ {[%emt 0:00:46]} 28. Kg3 {[%emt 0:00:21]} Bc7 {[%emt 0:00:19]} 29. Rh1 {[%emt 0:00:25]} Qe4 {[%emt 0:03:55]} 30. Rbe1 {[%emt 0:00:38]} g5 {[%emt 0:06:00]} 31. Kf2 {[%emt 0:01:02]} Bxf4 {[%emt 0:01:17]} 32. Bxf4 {[%emt 0:01:02]} Qxf4+ {[%emt 0:00:05]} 33. Qxf4 {[%emt 0:00:02]} gxf4 {[%emt 0:00:05]} 34. Rd1 {[%emt 0:00:05]} f5 {[%emt 0:01:16]} 35. g5 {[%emt 0:00:02]} Rf7 {[%emt 0:00:49]} 36. Kf3 {[%emt 0:00:27]} e5 {[%emt 0:01:49]} 37. Rd6 {[%emt 0:00:05]} Rg7 {[%emt 0:00:42]} 38. Rg1 {[%emt 0:00:25]} Rg6 {[%emt 0:00:43]} 39. Rxg6+ {[%emt 0:00:22]} hxg6 {[%emt 0:00:16]} 40. Rd1 {[%emt 0:00:00]} d5 {[%emt 0:00:00]} 41. cxd6 {[%emt 0:13:24]} Be6 {[%emt 0:04:46]} 42. Re1 {[%emt 0:00:27]} Rd8 {[%emt 0:03:53]} 43. Rxe5 {[%emt 0:00:15]} Rxd6 {[%emt 0:01:01]} 44. Rxb5 {[%emt 0:00:01]} Rd3+ {[%emt 0:01:52]} 45. Kxf4 {[%emt 0:00:08]} Rxa3 {[%emt 0:00:11]} 46. Rb4 {[%emt 0:02:00]} Rb3 {[%emt 0:06:33]} 47. Rxb3 {[%emt 0:02:09]} Bxb3 {[%emt 0:00:05]} 48. Ke5 {[%emt 0:00:09]} Kg7 {[%emt 0:04:30]} 49. Kf4 {[%emt 0:01:15]} Be6 {[%emt 0:01:29]} 50. Ke5 {[%emt 0:00:33]} Kf7 {[%emt 0:00:22]} 51. Kf4 {[%emt 0:00:44]} Ke8 {[%emt 0:01:43]} 52. Ke5 {[%emt 0:02:01]} Ke7 {[%emt 0:00:37]} 53. Na4 {[%emt 0:02:25]} b5 {[%emt 0:01:01]} 54. Nc5 {[%emt 0:00:01]} Bc4 {[%emt 0:02:35]} 55. Na6 {[%emt 0:00:02]} Kd7 {[%emt 0:00:34]} 56. Nb4 {[%emt 0:00:23]} Kc7 {[%emt 0:00:27]} 57. Nc2 {[%emt 0:03:22]} Bd3 {[%emt 0:01:59]} 58. Nd4 {[%emt 0:04:00]} b4 {[%emt 0:01:05]} 59. Ne6+ {[%emt 0:00:10]} Kb6 {[%emt 0:01:50]} 60. Kd4 {[%emt 0:00:13]} Bc2 {[%emt 0:00:37]} 61. Nf4 {[%emt 0:01:51]} Kb5 {[%emt 0:01:20]} 62. Nxg6 {[%emt 0:00:21]} Ka4 {[%emt 0:01:07]} 63. Nf4 {[%emt 0:01:31]} b3 {[%emt 0:01:15]} 64. Kc3 {[%emt 0:00:36]} Ka3 {[%emt 0:00:10]} 65. g6 {[%emt 0:00:35]} b2 {[%emt 0:00:49]} 66. g7 {[%emt 0:01:56]} Bb3 {[%emt 0:00:22]} 0-1

[Event "23rd European Women Club Cup 2018"]
[Site "Halkidiki"]
[Date "2018.10.18"]
[Round "7"]
[White "Mar, Karmen"]
[Black "Richard, Emma"]
[Result "1-0"]
[WhiteElo "2107"]
[BlackElo "2127"]
[Annotator "NA"]
[PlyCount "55"]
[EventDate "2018.10.12"]
[EventType "team-tourn"]
[EventCountry "GRE"]
[SourceTitle "playchess.com"]
[Source "ChessBase"]
[SourceQuality "1"]
[WhiteTeam "Maribor"]
[BlackTeam "Mulhouse"]
[TimeControl "40/5400+30:1800+30"]

1. e4 {[%emt 0:00:00]} c5 {[%emt 0:00:00]} 2. Nf3 {[%emt 0:00:00]} Nc6 {[%emt 0:00:00]} 3. Bb5 {[%emt 0:00:00]} d6 {[%emt 0:00:00]} 4. Bxc6+ {[%emt 0:00:02]} bxc6 {[%emt 0:00:00]} 5. O-O {[%emt 0:00:10]} e5 {[%emt 0:00:20]} 6. c3 {[%emt 0:00:56]} f5 {[%emt 0:07:45]} 7. exf5 {[%emt 0:00:49]} Bxf5 {[%emt 0:00:06]} 8. d4 {[%emt 0:00:16]} e4 {[%emt 0:01:36]} 9. dxc5 {[%emt 0:01:07]} d5 {[%emt 0:12:48]} 10. Nd4 {[%emt 0:01:52]} Bd7 {[%emt 0:00:35]} 11. Qh5+ {[%emt 0:07:01]} Ke7 {[%emt 0:02:17]} 12. f3 {[%emt 0:27:01]} Qe8 {[%emt 0:05:37]} 13. Qh4+ {[%emt 0:03:00]} Nf6 {[%emt 0:00:28]} 14. fxe4 {[%emt 0:00:52]} dxe4 {[%emt 0:00:47]} 15. Bg5 {[%emt 0:02:21]} Kd8 {[%emt 0:02:17]} 16. Bxf6+ {[%emt 0:04:54]} gxf6 {[%emt 0:00:30]} 17. Qxf6+ {[%emt 0:00:28]} Be7 {[%emt 0:00:20]} 18. Qe5 {[%emt 0:01:37]} Rg8 {[%emt 0:04:56]} 19. Qxe4 {[%emt 0:18:34]} Rg4 {[%emt 0:06:02]} 20. Nxc6+ {[%emt 0:02:48]} Bxc6 {[%emt 0:00:06]} 21. Qxg4 {[%emt 0:00:43]} Bxc5+ {[%emt 0:00:24]} 22. Kh1 {[%emt 0:00:13]} Bd6 {[%emt 0:04:12]} 23. Na3 {[%emt 0:01:49]} Qe5 {[%emt 0:01:21]} 24. Qh4+ {[%emt 0:01:48]} Kd7 {[%emt 0:05:26]} 25. Qh3+ {[%emt 0:01:24]} Kc7 {[%emt 0:00:58]} 26. Nc4 {[%emt 0:00:59]} Qd5 {[%emt 0:02:39]} 27. Nxd6 {[%emt 0:00:56]} Rg8 {[%emt 0:04:54]} 28. Rg1 {[%emt 0:01:30]} 1-0

[Event "23rd European Women Club Cup 2018"]
[Site "Halkidiki"]
[Date "2018.10.18"]
[Round "7"]
[White "Grapsa, Georgia"]
[Black "De Rosa, Mariagrazia"]
[Result "1-0"]
[WhiteElo "2085"]
[BlackElo "2131"]
[Annotator "NA"]
[PlyCount "89"]
[EventDate "2018.10.12"]
[EventType "team-tourn"]
[EventCountry "GRE"]
[SourceTitle "playchess.com"]
[Source "ChessBase"]
[SourceQuality "1"]
[WhiteTeam "Thessaloniki"]
[BlackTeam "Banca Alpi Marittime"]
[TimeControl "40/5400+30:1800+30"]

1. d4 {[%emt 0:00:00]} Nf6 {[%emt 0:00:00]} 2. c4 {[%emt 0:00:00]} g6 {[%emt 0:00:00]} 3. g3 {[%emt 0:00:00]} Bg7 {[%emt 0:00:00]} 4. Bg2 {[%emt 0:00:00]} O-O {[%emt 0:00:05]} 5. Nf3 {[%emt 0:00:00]} d6 {[%emt 0:00:09]} 6. O-O {[%emt 0:00:00]} Nc6 {[%emt 0:00:11]} 7. Nc3 {[%emt 0:00:00]} a6 {[%emt 0:00:13]} 8. e4 {[%emt 0:00:19]} Bg4 {[%emt 0:09:58]} 9. Be3 {[%emt 0:00:04]} Nd7 {[%emt 0:00:46]} 10. Qd2 {[%emt 0:04:21]} Bxf3 {[%emt 0:10:19]} 11. Bxf3 {[%emt 0:01:35]} e5 {[%emt 0:00:24]} 12. d5 {[%emt 0:00:02]} Nd4 {[%emt 0:03:03]} 13. Bg2 {[%emt 0:00:04]} c5 {[%emt 0:03:18]} 14. dxc6 {[%emt 0:00:05]} bxc6 {[%emt 0:00:13]} 15. f4 {[%emt 0:00:06]} Nb6 {[%emt 0:15:20]} 16. b3 {[%emt 0:00:51]} a5 {[%emt 0:00:09]} 17. f5 {[%emt 0:02:53]} a4 {[%emt 0:01:31]} 18. Qf2 {[%emt 0:05:21]} axb3 {[%emt 0:06:34]} 19. axb3 {[%emt 0:00:18]} Nd7 {[%emt 0:01:43]} 20. b4 {[%emt 0:04:13]} Rxa1 {[%emt 0:04:17]} 21. Rxa1 {[%emt 0:01:06]} Nf6 {[%emt 0:08:42]} 22. h3 {[%emt 0:05:32]} d5 {[%emt 0:07:39]} 23. exd5 {[%emt 0:09:23]} cxd5 {[%emt 0:01:18]} 24. Nxd5 {[%emt 0:04:13]} Nxf5 {[%emt 0:08:18]} 25. Bb6 {[%emt 0:06:56]} Qb8 {[%emt 0:04:07]} 26. Bc7 {[%emt 0:05:57]} Qc8 {[%emt 0:03:02]} 27. Ra8 {[%emt 0:10:30]} Qe6 {[%emt 0:01:03]} 28. Rxf8+ {[%emt 0:00:19]} Kxf8 {[%emt 0:02:31]} 29. Qc5+ {[%emt 0:01:42]} Kg8 {[%emt 0:00:09]} 30. g4 {[%emt 0:03:08]} Nh4 {[%emt 0:02:18]} 31. Ne7+ {[%emt 0:10:50]} Kh8 {[%emt 0:00:05]} 32. Bxe5 {[%emt 0:00:39]} Nxg2 {[%emt 0:06:42]} 33. Kxg2 {[%emt 0:00:21]} Ng8 {[%emt 0:00:43]} 34. Bxg7+ {[%emt 0:01:54]} Kxg7 {[%emt 0:00:04]} 35. Qd4+ {[%emt 0:00:49]} f6 {[%emt 0:01:04]} 36. Nxg8 {[%emt 0:00:36]} Qe2+ {[%emt 0:00:39]} 37. Qf2 {[%emt 0:00:38]} Qe4+ {[%emt 0:01:18]} 38. Qf3 {[%emt 0:02:25]} Qxc4 {[%emt 0:00:33]} 39. Nxf6 {[%emt 0:00:44]} Qc2+ {[%emt 0:00:30]} 40. Kg3 {[%emt 0:00:00]} Qc7+ {[%emt 0:00:00]} 41. Kh4 {[%emt 0:03:04]} Qe5 {[%emt 0:18:44]} 42. Ne4 {[%emt 0:04:23]} g5+ {[%emt 0:03:58]} 43. Nxg5 {[%emt 0:00:34]} Qe1+ {[%emt 0:00:09]} 44. Kh5 {[%emt 0:00:12]} Qe8+ {[%emt 0:00:41]} 45. Qf7+ {[%emt 0:00:05]} 1-0

[Event "23rd European Women Club Cup 2018"]
[Site "Halkidiki"]
[Date "2018.10.18"]
[Round "7"]
[White "Andolfatto, Maria"]
[Black "Tsivelekidou, Anthoula Elpida"]
[Result "1-0"]
[WhiteElo "2068"]
[BlackElo "1147"]
[Annotator "NA"]
[PlyCount "63"]
[EventDate "2018.10.12"]
[EventType "team-tourn"]
[EventCountry "GRE"]
[SourceTitle "playchess.com"]
[Source "ChessBase"]
[SourceQuality "1"]
[WhiteTeam "Banca Alpi Marittime"]
[BlackTeam "Thessaloniki"]
[TimeControl "40/5400+30:1800+30"]

1. Nf3 {[%emt 0:00:00]} d5 {[%emt 0:00:00]} 2. c4 {[%emt 0:00:00]} e6 {[%emt 0:00:00]} 3. g3 {[%emt 0:00:00]} Nf6 {[%emt 0:00:04]} 4. Bg2 {[%emt 0:00:03]} b6 {[%emt 0:00:14]} 5. O-O {[%emt 0:00:28]} Bb7 {[%emt 0:00:06]} 6. d4 {[%emt 0:00:59]} Nbd7 {[%emt 0:01:02]} 7. Bf4 {[%emt 0:06:06]} c5 {[%emt 0:00:52]} 8. cxd5 {[%emt 0:06:29]} Bxd5 {[%emt 0:02:06]} 9. Nc3 {[%emt 0:02:02]} Be7 {[%emt 0:00:54]} 10. Rc1 {[%emt 0:03:11]} O-O {[%emt 0:01:31]} 11. Re1 {[%emt 0:08:58]} Rc8 {[%emt 0:02:07]} 12. e4 {[%emt 0:03:45]} Bb7 {[%emt 0:01:11]} 13. d5 {[%emt 0:01:33]} exd5 {[%emt 0:06:03]} 14. exd5 {[%emt 0:01:17]} Re8 {[%emt 0:00:22]} 15. Nd2 {[%emt 0:04:21]} Bf8 {[%emt 0:01:02]} 16. a4 {[%emt 0:03:38]} a6 {[%emt 0:01:28]} 17. Nc4 {[%emt 0:05:07]} Nb8 {[%emt 0:13:37]} 18. Rxe8 {[%emt 0:05:31]} Nxe8 {[%emt 0:00:12]} 19. Bh3 {[%emt 0:00:21]} Rc7 {[%emt 0:02:39]} 20. Bxc7 {[%emt 0:02:06]} Qxc7 {[%emt 0:00:09]} 21. Qb3 {[%emt 0:01:35]} Nd6 {[%emt 0:05:58]} 22. Qxb6 {[%emt 0:01:45]} Qxb6 {[%emt 0:00:58]} 23. Nxb6 {[%emt 0:00:07]} g6 {[%emt 0:01:26]} 24. Re1 {[%emt 0:02:05]} Kg7 {[%emt 0:00:45]} 25. Ne4 {[%emt 0:01:48]} Ne8 {[%emt 0:01:41]} 26. Rc1 {[%emt 0:02:32]} Nf6 {[%emt 0:00:58]} 27. Nxf6 {[%emt 0:01:15]} Kxf6 {[%emt 0:00:05]} 28. b4 {[%emt 0:00:37]} Ke5 {[%emt 0:04:20]} 29. bxc5 {[%emt 0:00:33]} Bxd5 {[%emt 0:01:14]} 30. Bg2 {[%emt 0:00:29]} Bxg2 {[%emt 0:01:28]} 31. Kxg2 {[%emt 0:00:06]} Nc6 {[%emt 0:00:06]} 32. Nd7+ {[%emt 0:00:06]} 1-0

[Event "23rd European Women Club Cup 2018"]
[Site "Halkidiki"]
[Date "2018.10.18"]
[Round "7"]
[White "Kumanska, Olena"]
[Black "Tsolakidou, Stavroula"]
[Result "0-1"]
[WhiteElo "2054"]
[BlackElo "2393"]
[Annotator "NA RC"]
[PlyCount "64"]
[EventDate "2018.10.12"]
[EventType "team-tourn"]
[EventCountry "GRE"]
[SourceTitle "playchess.com"]
[Source "ChessBase"]
[SourceQuality "1"]
[WhiteTeam "Beer Sheva"]
[BlackTeam "Pentole Agnelli"]
[TimeControl "40/5400+30:1800+30"]

1. c4 {[%emt 0:00:00]} e5 {[%emt 0:00:00]} 2. Nc3 {[%emt 0:00:00]} Bb4 {[%emt 0:00:00]} 3. e4 {[%emt 0:00:34]} Nc6 {[%emt 0:04:40]} 4. a3 {[%emt 0:00:21]} Bxc3 {[%emt 0:03:26]} 5. bxc3 {[%emt 0:00:16]} d6 {[%emt 0:00:20]} 6. d3 {[%emt 0:00:13]} f5 {[%emt 0:04:05]} 7. Nf3 {[%emt 0:03:36]} fxe4 {[%emt 0:01:47]} 8. dxe4 {[%emt 0:00:02]} Nf6 {[%emt 0:00:08]} 9. Qd3 {[%emt 0:02:53]} O-O {[%emt 0:02:11]} 10. h3 {[%emt 0:01:05]} Qe8 {[%emt 0:01:32]} 11. Bg5 {[%emt 0:01:45]} Be6 {[%emt 0:09:19]} 12. Bxf6 {[%emt 0:02:51]} Rxf6 {[%emt 0:00:06]} 13. Be2 {[%emt 0:06:24]} Qg6 {[%emt 0:01:49]} 14. g4 {[%emt 0:11:26]} Raf8 {[%emt 0:04:49]} 15. Rf1 {[%emt 0:05:36]} Na5 {[%emt 0:26:49]} 16. Nd2 {[%emt 0:00:14]} Qg5 {[%emt 0:04:58]} 17. f3 {[%emt 0:00:58]} Qh4+ {[%emt 0:01:03]} 18. Kd1 {[%emt 0:00:07]} Qxh3 {[%emt 0:00:34]} 19. Kc2 {[%emt 0:00:08]} Qh6 {[%emt 0:01:23]} 20. Rh1 {[%emt 0:01:27]} Qf4 {[%emt 0:00:21]} 21. Rag1 {[%emt 0:05:36]} R6f7 {[%emt 0:03:36]} 22. Rh5 {[%emt 0:01:41]} g6 {[%emt 0:01:51]} 23. Rh4 {[%emt 0:00:44]} Rd7 {[%emt 0:00:37]} 24. Bf1 {[%emt 0:01:31]} c6 {[%emt 0:03:35]} 25. Qe2 {[%emt 0:00:20]} d5 {[%emt 0:03:42]} 26. Qe1 {[%emt 0:00:49]} dxc4 {[%emt 0:02:50]} 27. Rgh1 {[%emt 0:02:41]} Rfd8 {[%emt 0:01:16]} 28. R1h2 {[%emt 0:00:13]} Qg5 {[%emt 0:00:52]} 29. f4 {[%emt 0:01:55]} Qxf4 {[%emt 0:06:33]} 30. Rf2 {[%emt 0:00:32]} Qg5 {[%emt 0:00:54]} 31. Nf3 {[%emt 0:01:29]} Qe7 {[%emt 0:00:05]} 32. Nxe5 {[%emt 0:01:49]} Rd1 {[%emt 0:02:31]} 0-1

[Event "23rd European Women Club Cup 2018"]
[Site "Halkidiki"]
[Date "2018.10.18"]
[Round "7"]
[White "Santeramo, Alessia"]
[Black "Petraki, Evaggelia"]
[Result "1-0"]
[WhiteElo "2054"]
[BlackElo "1769"]
[Annotator "NA"]
[PlyCount "49"]
[EventDate "2018.10.12"]
[EventType "team-tourn"]
[EventCountry "GRE"]
[SourceTitle "playchess.com"]
[Source "ChessBase"]
[SourceQuality "1"]
[WhiteTeam "Banca Alpi Marittime"]
[BlackTeam "Thessaloniki"]
[TimeControl "40/5400+30:1800+30"]

1. e4 {[%emt 0:00:00]} d6 {[%emt 0:00:00]} 2. d4 {[%emt 0:00:00]} Nf6 {[%emt 0:00:00]} 3. Nc3 {[%emt 0:00:00]} g6 {[%emt 0:00:00]} 4. Be3 {[%emt 0:00:04]} Bg7 {[%emt 0:00:00]} 5. Qd2 {[%emt 0:00:58]} O-O {[%emt 0:00:18]} 6. Nf3 {[%emt 0:02:44]} c6 {[%emt 0:00:18]} 7. h3 {[%emt 0:01:59]} b5 {[%emt 0:00:43]} 8. Bd3 {[%emt 0:00:22]} Bb7 {[%emt 0:05:57]} 9. e5 {[%emt 0:08:51]} b4 {[%emt 0:00:36]} 10. Ne2 {[%emt 0:02:25]} Nd5 {[%emt 0:00:32]} 11. Bh6 {[%emt 0:00:35]} c5 {[%emt 0:06:19]} 12. h4 {[%emt 0:08:40]} Re8 {[%emt 0:08:59]} 13. Bxg7 {[%emt 0:09:48]} Kxg7 {[%emt 0:00:06]} 14. h5 {[%emt 0:00:07]} Rh8 {[%emt 0:00:07]} 15. O-O-O {[%emt 0:09:55]} Qc8 {[%emt 0:07:00]} 16. dxc5 {[%emt 0:08:48]} dxc5 {[%emt 0:00:47]} 17. Be4 {[%emt 0:01:00]} e6 {[%emt 0:00:53]} 18. Bxd5 {[%emt 0:02:56]} Bxd5 {[%emt 0:00:44]} 19. Nf4 {[%emt 0:00:27]} Bxa2 {[%emt 0:02:25]} 20. h6+ {[%emt 0:00:18]} Kf8 {[%emt 0:00:39]} 21. Qd8+ {[%emt 0:00:12]} Qxd8 {[%emt 0:00:30]} 22. Rxd8+ {[%emt 0:00:06]} Ke7 {[%emt 0:00:07]} 23. Rxh8 {[%emt 0:00:09]} b3 {[%emt 0:00:08]} 24. Ng5 {[%emt 0:01:12]} bxc2 {[%emt 0:00:17]} 25. Rxh7 {[%emt 0:00:34]} 1-0

[Event "23rd European Women Club Cup 2018"]
[Site "Halkidiki"]
[Date "2018.10.18"]
[Round "7"]
[White "Lagogianni, Niki Vasiliki"]
[Black "Guerini, Silvia jr"]
[Result "0-1"]
[WhiteElo "1152"]
[BlackElo "1977"]
[Annotator "NA"]
[PlyCount "122"]
[EventDate "2018.10.12"]
[EventType "team-tourn"]
[EventCountry "GRE"]
[SourceTitle "playchess.com"]
[Source "ChessBase"]
[SourceQuality "1"]
[WhiteTeam "Thessaloniki"]
[BlackTeam "Banca Alpi Marittime"]
[TimeControl "40/5400+30:1800+30"]

1. e4 {[%emt 0:00:00]} c5 {[%emt 0:00:00]} 2. Nf3 {[%emt 0:00:32]} e6 {[%emt 0:00:00]} 3. d4 {[%emt 0:00:55]} cxd4 {[%emt 0:00:00]} 4. Nxd4 {[%emt 0:00:07]} Nf6 {[%emt 0:00:04]} 5. Bd3 {[%emt 0:01:28]} d6 {[%emt 0:01:12]} 6. O-O {[%emt 0:01:43]} Be7 {[%emt 0:00:36]} 7. Be3 {[%emt 0:03:53]} O-O {[%emt 0:00:52]} 8. Nf3 {[%emt 0:00:50]} Nc6 {[%emt 0:02:11]} 9. Nc3 {[%emt 0:01:03]} Ng4 {[%emt 0:09:25]} 10. Bd2 {[%emt 0:03:01]} a6 {[%emt 0:00:51]} 11. h3 {[%emt 0:00:36]} Nf6 {[%emt 0:02:50]} 12. Re1 {[%emt 0:01:20]} Bd7 {[%emt 0:03:50]} 13. e5 {[%emt 0:14:26]} dxe5 {[%emt 0:02:37]} 14. Nxe5 {[%emt 0:00:18]} Nxe5 {[%emt 0:00:12]} 15. Rxe5 {[%emt 0:00:08]} Qc7 {[%emt 0:01:19]} 16. Re1 {[%emt 0:01:17]} Bc6 {[%emt 0:01:35]} 17. Ne4 {[%emt 0:01:35]} Rfd8 {[%emt 0:03:06]} 18. Qc1 {[%emt 0:05:04]} Nd5 {[%emt 0:10:26]} 19. a3 {[%emt 0:02:38]} Rac8 {[%emt 0:01:31]} 20. Bg5 {[%emt 0:05:34]} Bxg5 {[%emt 0:16:05]} 21. Qxg5 {[%emt 0:01:42]} Qf4 {[%emt 0:00:22]} 22. Qxf4 {[%emt 0:02:03]} Nxf4 {[%emt 0:01:32]} 23. Rad1 {[%emt 0:01:54]} Nxd3 {[%emt 0:03:09]} 24. Rxd3 {[%emt 0:01:06]} Rxd3 {[%emt 0:00:21]} 25. cxd3 {[%emt 0:00:37]} Rd8 {[%emt 0:00:33]} 26. Re3 {[%emt 0:00:46]} b6 {[%emt 0:02:06]} 27. f3 {[%emt 0:00:45]} Bb5 {[%emt 0:01:01]} 28. Nf2 {[%emt 0:00:08]} Rc8 {[%emt 0:01:09]} 29. Re2 {[%emt 0:00:09]} Rc1+ {[%emt 0:00:33]} 30. Kh2 {[%emt 0:00:13]} Kf8 {[%emt 0:00:47]} 31. Rd2 {[%emt 0:00:19]} Ba4 {[%emt 0:01:56]} 32. Kg3 {[%emt 0:01:07]} Ke7 {[%emt 0:04:22]} 33. f4 {[%emt 0:01:26]} f5 {[%emt 0:06:50]} 34. d4 {[%emt 0:01:22]} Kd6 {[%emt 0:01:18]} 35. Nd3 {[%emt 0:01:02]} Rc2 {[%emt 0:00:09]} 36. Ne5 {[%emt 0:03:21]} Rxd2 {[%emt 0:00:22]} 37. Nc4+ {[%emt 0:00:06]} Kd5 {[%emt 0:00:17]} 38. Nxd2 {[%emt 0:00:40]} Kxd4 {[%emt 0:00:08]} 39. Nf3+ {[%emt 0:00:13]} Kd5 {[%emt 0:01:35]} 40. Kf2 {[%emt 0:00:00]} h6 {[%emt 0:00:00]} 41. Ke3 {[%emt 0:00:51]} Bc6 {[%emt 0:11:51]} 42. b3 {[%emt 0:01:07]} Kd6 {[%emt 0:02:31]} 43. Ne1 {[%emt 0:00:29]} Be4 {[%emt 0:03:05]} 44. Kd4 {[%emt 0:00:40]} g5 {[%emt 0:00:43]} 45. g3 {[%emt 0:00:45]} gxf4 {[%emt 0:06:06]} 46. gxf4 {[%emt 0:00:26]} Bd5 {[%emt 0:01:37]} 47. Kc3 {[%emt 0:01:10]} e5 {[%emt 0:01:21]} 48. Nd3 {[%emt 0:00:32]} exf4 {[%emt 0:00:28]} 49. Nxf4 {[%emt 0:00:12]} Ke5 {[%emt 0:00:42]} 50. Nxd5 {[%emt 0:00:36]} Kxd5 {[%emt 0:02:06]} 51. Kd3 {[%emt 0:00:15]} f4 {[%emt 0:00:58]} 52. h4 {[%emt 0:00:39]} Ke5 {[%emt 0:00:26]} 53. Ke2 {[%emt 0:00:40]} Ke4 {[%emt 0:00:08]} 54. h5 {[%emt 0:00:11]} Kf5 {[%emt 0:00:37]} 55. Kf3 {[%emt 0:00:25]} Kg5 {[%emt 0:00:13]} 56. b4 {[%emt 0:00:21]} b5 {[%emt 0:00:07]} 57. Ke4 {[%emt 0:00:40]} Kg4 {[%emt 0:00:08]} 58. Kd5 {[%emt 0:00:08]} f3 {[%emt 0:00:11]} 59. Kc6 {[%emt 0:00:07]} f2 {[%emt 0:00:09]} 60. Kb6 {[%emt 0:00:11]} f1=Q {[%emt 0:00:10]} 61. Kxa6 {[%emt 0:00:06]} Qd3 {[%emt 0:00:32]} 0-1

[Event "23rd European Women Club Cup 2018"]
[Site "Halkidiki"]
[Date "2018.10.18"]
[Round "8"]
[White "Pogonina, Natalija"]
[Black "Ovod, Evgenija"]
[Result "0-1"]
[WhiteElo "2485"]
[BlackElo "2363"]
[Annotator "TA"]
[PlyCount "90"]
[EventDate "2018.10.12"]
[EventType "team-tourn"]
[EventCountry "GRE"]
[SourceTitle "playchess.com"]
[Source "ChessBase"]
[SourceQuality "1"]
[WhiteTeam "Ugra"]
[BlackTeam "SSHOR"]

{[%evp 12,90,106,91,232,54,79,52,51,27,30,35,70,63,75,50,61,53,58,47,53,57,50,46,49,34,61,58,57,59,75,60,41,0,50,-74,-50,-64,-49,-64,0,-51,129,135,139,107,122,117,158,53,62,6,53,57,632,285,699,401,29994,86,75,79,83,78,87,-291,-235,-589,-575,-570,-533,-989,-970,-5501,-5501,-5410,-2192,-5406,-5402,-4133,-1410]} 1. d4 c5 2. d5 e5 3. c4 d6 4. e4 g6 5. Nc3 Bg7 6. Bd3 a6 {A44: Semi-Benoni} (6... Nd7 7. Nge2 h5 8. h4 Bh6 9. Bxh6 Nxh6 10. Qd2 a6 11. Ng3 f6 12. Nf1 Qe7 13. Ne3 Qh7 14. f3 f5 {1-0 (41) Nestorovic,D (2358)-Ostojic,N (2412) Paracin 2017}) 7. Nge2 {LiveBook: 3 Games} f5 {[#]} (7... Nd7 $16) 8. Qc2 $146 ({White has to play} 8. exf5 $1 $18 gxf5 9. Ng3) ({Predecessor:} 8. exf5 gxf5 9. Ng3 e4 10. Bc2 Nf6 11. Ba4+ Kf8 12. f3 exf3 13. O-O f4 14. Bxf4 Bg4 15. Qd2 Kf7 16. h3 Bd7 17. Bxd7 Qxd7 18. Rxf3 Re8 19. Bg5 Qe7 20. Nf5 {1-0 (20) Pages,J-Gomez Cabrero,L Olot 1994}) 8... f4 $14 {White is slightly better.} 9. Bd2 Nf6 10. O-O-O O-O 11. f3 Bd7 12. g3 fxg3 13. hxg3 b5 14. Rdf1 bxc4 15. Bxc4 Bb5 16. Qd3 Bxc4 17. Qxc4 Nbd7 18. g4 Nb6 19. Qd3 $1 c4 20. Qc2 Nfd7 21. Kb1 Nc5 22. Nc1 Rb8 23. Bh6 (23. Be3 $14 {stays ahead.}) 23... Qd7 24. Bxg7 Kxg7 25. Rh2 Nba4 (25... Kg8 $15) 26. Nxa4 (26. Rfh1 $11 Nxc3+ 27. Qxc3) 26... Nxa4 $2 (26... Qxa4 $15 {keeps the upper hand.} 27. Qxa4 Nxa4) 27. Rfh1 $16 h5 28. Qxc4 Rxf3 29. gxh5 g5 30. h6+ (30. Nb3 $16) 30... Kh7 $1 $14 31. Rc2 (31. Nb3 $14) 31... Rb7 32. Rg1 Kxh6 $2 {[%mdl 8192]} (32... Nc5 $14) 33. Ka1 (33. Nb3 $142) 33... g4 $2 (33... Rxb2 34. Rxb2 Nxb2) 34. Qe2 {White threatens Qxf3! and mate.} Rc7 {[#]} (34... Rxb2 $18 35. Rxb2 Nxb2 36. Qxb2 (36. Kxb2 Qa7 $18) 36... Qa7 37. Rxg4 Qe3 38. Qh2+ Rh3) 35. Rh1+ $2 (35. Qxf3 $1 {[%mdl 512] mates} Kg5 (35... gxf3 36. Rh2+) 36. Rxc7 Nc5 37. Rxd7 Nb3+ 38. axb3 Kh6 39. Rh1+ Kg6 40. Qf5#) 35... Rh3 $16 36. Rxh3+ gxh3 {[%cal Bg4h3,Bh3h2][%mdl 32]} 37. Qe3+ Kg6 38. Rf2 $2 {[%mdl 8192]} (38. Qg3+ $16 Kh7 39. Rxc7 Qxc7 40. Qxh3+ Kg7 41. Qg4+ Kf8 42. Kb1) 38... Qg4 $40 {[%mdl 128] White must now prevent ...Qg5. Black goes for the king.} 39. Kb1 $2 (39. a3 {was the crucial defense.} Nc5 40. Rh2) 39... Nc5 {Black is clearly winning.} 40. Re2 Rf7 41. Re1 {aiming for Rg1.} h2 42. b4 {[#]} Qxe4+ $1 {[%mdl 512]} 43. Qxe4+ Nxe4 44. Rh1 Rf2 45. Nd3 Rg2 {Precision: White = 23%, Black = 47%.} (45... Nc3+ $142 46. Kc1 Rxa2) 0-1